00475nam a2200145Ia 4500003000900000008004100009040001600050080001600066100002200082245011900104260003800223300001000261650004100271650001700312IN-BaIIA211028s9999 xx 000 0 eng d cIIA Library a535.33bTUC aTuckerman, Alfred 0aIndex to the literature of the spectroscope 1887-1900cAlfred Tuckerman  aWashingtonbThe Smithsonianc1902 a373p. aAstronomy and Astrophysics Thesaurus aSpectroscopy